| 000 | 01489namaa22003131i 4500 | ||
|---|---|---|---|
| 005 | 20260521123151.0 | ||
| 008 | 260521s1993 ua a|||frm||| 000 0 eng d | ||
| 040 |
_aEG-GICUC _beng _cEG-GICUC _dEG-GICUC _erda |
||
| 041 | 0 |
_aeng _beng _bara |
|
| 049 | _aDeposit | ||
| 097 | _aM.Sc | ||
| 099 | _aCai01.09.08.M.Sc.1993.Ne.C | ||
| 100 | 0 |
_aNesrine Nabil Ali Fahmi, _epreparation. |
|
| 245 | 1 | 0 |
_aClinical evaluation of tricalcium phosphate alloplastic graft in thetreatment of infrabony Defects in moderate cases of marginal periodontitis / _cBy Nesrine Nabil Ali Fahmi ; Supervisors Dr. Mohamed Hosney Moustafa, Dr. Mona Shoeib |
| 246 | 1 | 5 | _aتقييم استخدام مادة ثلاثي فوسفات الكالسيم كطعم تخليقي اكلينيكيا في علاج العيوب العظمية حول الاسنان في الانسان |
| 264 | 0 | _c1993. | |
| 300 |
_a106 Leaves _billustrations _c30 cm. + |
||
| 336 |
_2rda content _atext |
||
| 337 |
_2rdamedia _aUnmediated |
||
| 338 |
_2rdacarrier _avolume |
||
| 502 | _aThesis (M.Sc.)-Cairo University, 1993 | ||
| 504 | _aBibliography: pages 80-106 | ||
| 653 | 0 | _a thetreatment of infrabony Defects in moderate cases of marginal periodontitis | |
| 700 | 0 |
_aMohamed Hosney Moustafa _ethesis advisor. |
|
| 700 | 0 |
_aMona Shoeib _ethesis advisor. |
|
| 900 |
_DDepartment of Periodontology _FFaculty of Medicine _UCairo University _b1993 _cMohamed Hosney Moustafa _cMona Shoeib |
||
| 905 | _aNehad | ||
| 942 |
_2ddc _cTH _e21 _n0 |
||
| 999 | _c180255 | ||